000 00282nam a2200121 a 4500
003 DO-SdBNP
005 20230509110706.0
008 110719s1995 000 spa d
040 _aDO-SdBNP
_bspa
_cBNPHU
245 0 _aMemoria anual 1995.
260 _c[1995?].
942 _2ddc
_cLBS1
999 _c32105
_d32105